000 00768nam a2200241Ia 4500
003 GCL
008 140319s9999 xx 000 0 ara d
020 _a6562209977
040 _aGCL /
_cGCL
082 0 4 _a364.142
_bم س
100 1 _aمحمود بكرى
245 1 0 _aسقوط امبراطورية الفساد :
_bيوسف والى واعوانه /
_cمحمود بكرى
700 1 _aمحمد الباجس
250 _aالاولى
260 _aالقاهرة :
_bمكتبة مدبولى ،
_c2006
300 _a265 ص ؛
_c24 سم
650 0 4 _aالرشوة
650 0 4 _aالفساد السياسى
650 0 4 _aمصر - الاحوال السياسية
650 0 4 _aاستغلال السلطة
650 0 4 _aيوسف والى
942 _2ddc
_cBK
999 _c8208
_d8208